|
|
|
|
| LEADER |
00727cam a2200205 7i4500 |
| 001 |
0000038332 |
| 005 |
20170218090000.0 |
| 020 |
|
|
|a 2940373434 (pbk.)
|
| 020 |
|
|
|a 9782940373437 (pbk.)
|
| 090 |
0 |
0 |
|a NC997
|b .A43 2006
|
| 100 |
1 |
|
|a Ambrose, Gavin
|
| 245 |
1 |
4 |
|a The visual dictionary of graphic desige
|c Gavin Ambrose and Paul Harris.
|
| 260 |
|
|
|a Lausanne, Switzerland:
|b AVA Pub. SA,
|c 2006.
|
| 300 |
|
|
|a 288 p.:
|b col. ill.;
|c 16 cm.
|
| 650 |
0 |
0 |
|a Graphic arts
|
| 650 |
0 |
0 |
|a Graphic design (Typography)
|
| 700 |
1 |
|
|a Harris, Paul
|
| 997 |
|
|
|a Communication, Visual Art & Computing, Faculty
|b Visual Art, Department
|
| 998 |
|
|
|a Photographic Technology, Diploma
|
| 999 |
|
|
|a 0000043954
|b BOK
|c REFERENCE
|e Ground Floor, Bestari Jaya
|